| 000 | 01503nam a22003257a 4500 | ||
|---|---|---|---|
| 999 |
_c29222 _d29193 |
||
| 003 | EG-ScBUE | ||
| 005 | 20210628120802.0 | ||
| 008 | 210628s1998 le o f 000 0 ara d | ||
| 040 |
_aEG-ScBUE _bara _erda _cEG-ScBUE _dEG-ScBUE |
||
| 043 | _aa-ii--- | ||
| 082 | 0 | 4 |
_a305.30954 _bف ا ت _222 |
| 100 | 1 |
_aفاتسيايانا، مالاينجا، _eمؤلف. |
|
| 240 | 1 | 0 |
_aLe Kama-Sutra. _lArabic |
| 245 | 1 | 2 |
_aالكاماسوترا = _bKamasutra : فن الحب عند الهنود / _cتأليف مالاينجا فاتسيايانا ؛ ترجمه إلى الإنكليزية، سير ريتشارد بيرتون وف، ف أرثبنت ؛ ترجكه إلى العربية، رحاب عكاوي. |
| 250 | _aالطبعة الأولى. | ||
| 264 | 1 |
_aبيروت : _bمؤسسة الانتشار العربي، _c1998. |
|
| 300 |
_a208 صفحة : _bصور ؛ _c28 سم |
||
| 336 |
_2rdacontent _aنص _btxt |
||
| 337 |
_2rdamedia _aبدون وسيط _bn |
||
| 338 |
_2rdacarrier _aمجلد _bnc |
||
| 546 | _aالنص باللغة العربية وتم ترجمته من اللغة الفرنسية. | ||
| 546 | _aالنص باللغة الإنجليزية وتم ترجمته من اللغة الفرنسية. | ||
| 650 | 7 |
_aSexuality _zIndia. _2BUEsh |
|
| 653 |
_bGGEN _cJune2021 |
||
| 655 |
_vReading book _934232 |
||
| 700 | 1 |
_aوف، ريتشارد بيرتون، _eمترجم. |
|
| 700 | 1 |
_aأرثبنت، ف.، _eمترجم. |
|
| 700 | 1 |
_aعكاوي، رحاب، _eمترجم. |
|
| 942 | _2ddc | ||